000 00594nam a2200169 4500
999 _c17364
_d17364
008 221003b ||||| |||| 00| 0 eng d
020 _a9781804062630
082 _22022
_aDC 150.727
_bSch973
100 _aSchweigert, Wendy A.
_946201
245 _aResearch methods in psychology /
_cWendy A. Schweigert.
250 _aThird edition.
260 _aLondon :
_bED Tech Press,
_c©2022.
300 _ax, 353 pages :
_billustrations ;
_c21 cm.
500 _aIncludes glossary, bibliographical references and index.
650 _aPsychology
_xResearch
_xMethodology.
_946202
942 _2ddc
_cDC